Online Catalogue and eLibrary

Paula ha Samajaya (Record no. 5753)

MARC details
000 -LEADER
fixed length control field 00395nam a2200169Ia 4500
005 - DATE AND TIME OF LATEST TRANSACTION
control field 20250626024935.0
008 - FIXED-LENGTH DATA ELEMENTS--GENERAL INFORMATION
fixed length control field 240331s9999 xx 000 0 und d
020 ## - INTERNATIONAL STANDARD BOOK NUMBER
ISBN 9555536585
082 ## - DDC Classification
Item Number - Author Mark RAS
Class No. 306
100 ## - MAIN ENTRY--PERSONAL NAME
Personal name Rasnek, B
245 #0 - TITLE STATEMENT
Title Paula ha Samajaya
260 ## - PUBLICATION, DISTRIBUTION, ETC.
Place of publication, distribution, etc. Divulupitiya
Name of publisher, distributor, etc. Saraswathi Publishers
Date of publication, distribution, etc. 2011
300 ## - PHYSICAL DESCRIPTION
Extent (e.g. Volumes, Pages etc.) 151 p .,
650 ## - SUBJECT ADDED ENTRY--TOPICAL TERM
Topical term or geographic name entry element Family
650 ## - SUBJECT ADDED ENTRY--TOPICAL TERM
Topical term or geographic name entry element Society
942 ## - Koha item type (Biblio)
Koha item type Books in Stacks (Lending)
Holdings
Lost status Damaged status Collection code Home library Current library Shelving location Date acquired Full call number Accession Number Item type
    Lending WERC Library WERC Library Social Science Cupboard 03/31/2024 306 RAS 6683 Books in Stacks (Lending)

© WERC Library